Analýza súčasného stavu poznania v chápaní miesta, úlohy a rozsahu verejného sektora v ekonomike prístupy ekonomickej teórie k zásahom štátu do ekonomiky vo väzbe na verejný sektor - názov II. etapy
Salvato in:
| Autore principale: | |
|---|---|
| Natura: | Libro |
| Lingua: | slovacco |
| Pubblicazione: |
Bratislava
Ekonomická univerzita, VÚNH
1998
|
| Serie: | Štúdie
|
| Soggetti: | |
| Tags: |
Nessun Tag, puoi essere il primo ad aggiungerne!!
|
MARC
| LEADER | 00000nam a2200000 4500 | ||
|---|---|---|---|
| 001 | c123712 | ||
| 005 | 20250725081933.9 | ||
| 022 | |a 1335-1419 | ||
| 041 | 0 | |a slo | |
| 044 | |a SK | ||
| 245 | 1 | 0 | |a Analýza súčasného stavu poznania v chápaní miesta, úlohy a rozsahu verejného sektora v ekonomike |b prístupy ekonomickej teórie k zásahom štátu do ekonomiky vo väzbe na verejný sektor - názov II. etapy |c Eva Macková |
| 264 | 1 | |a Bratislava |b Ekonomická univerzita, VÚNH |c 1998 | |
| 300 | |a 60 s. | ||
| 490 | 1 | |a Štúdie | |
| 830 | 0 | |a Štúdie | |
| 610 | 2 | 0 | |a sektor verejný |
| 610 | 2 | 0 | |a trh |
| 610 | 2 | 0 | |a štát |
| 100 | 1 | |a Macková, Eva | |